000 00809nam a22002651c 4500
001 a987688648
008 171108s1967 gw |||| 000u ger d
041 _ager
100 1 _aJoost, Wilhelm
245 0 0 _aBotschafter bei den Roten Zaren :
_bDie deutschen Missionschefs in Moskau 1918-1941. Nach Geheimakten und persönlichen Aufzeichnungen. Mit 4 Bildseiten
264 _aWien :
_bMolden,
_c1967
300 _a336 Seiten
600 0 _aBrockdorff-Rantzau, Ulrich von
600 0 _aHelfferich, Karl
600 0 _aMirbach-Harff, Wilhelm von
600 0 _aNadolny, Rudolf
600 0 _aSchulenburg, Friedrich Werner von der
648 0 _a<1918-1941>
650 0 _aAußenpolitik
651 0 _aDeutschland
651 0 _aSowjetunion
942 _cMG
040 _cRU-10907106
003 RU-10907106
999 _c49354
_d49354